• 首页
  • 本馆介绍
  • 公告通知
  • 最新文献
  • 馆藏检索
  • 电子资源
  • 读者导购
  • 参考咨询
  • 我的图书馆
  • 登录
  • 详细信息显示
  • 放入我的书架
  • 预约/预借图书
  • 作者相关作品
  • 分类相关作品
  • 丛书相关作品
  • 出版社相关作品

书目信息

  • 表格格式
  • 工作单格式
  • 卡片格式
题名:
福里哀级数·场论·解析函数和特殊函数·拉普拉斯变换
    
 
作者: п·и·罗曼诺夫斯基 著 ;丘玉圃 译
分册:  
出版信息: 北京   机械工业出版社  1958.10
页数: 262页
开本: 20cm
丛书名:
单 册:
中图分类: O173
科图分类:
主题词: 数学分析
电子资源:
ISBN:
000 00754nam0 2200205 450
001 0659593407
005 20060728163746.28
010    @dCNY1.70
100    @a20060728d1958 km y0chiy0120 ea
101 0  @achi@crus
102    @aCN@b110000
200 1  @a福里哀级数·场论·解析函数和特殊函数·拉普拉斯变换@Afu li ai ji shu·chang lun·jie xi han shu he te shu han shu·la pu la si bian huan@f(苏)п·и·罗曼诺夫斯基著@F(su)п·и·luo man nuo fu si ji zhu@g丘玉圃等译@Gqiu yu pu deng yi
210    @a北京@c机械工业出版社@d1958.10
215    @a262页@d20cm
606 0  @a数学分析
690    @aO173@v3
701  0 @aп·и·罗曼诺夫斯基@Aп·и·luo man nuo fu si ji@4著
702  0 @a丘玉圃@Aqiu yu pu@4译
801  0 @aCN@bPFT@c20060728
905    @a10447@dO173@e2
    
    福里哀级数·场论·解析函数和特殊函数·拉普拉斯变换/(苏)п·и·罗曼诺夫斯基著/丘玉圃等译.-北京:机械工业出版社,1958.10
    262页;20cm
    
    
    ISBN :CNY1.70
    
●
相关链接 在E读中查询图书 在五车中查询图书 在当当中查询图书 在豆瓣中查询图书


正题名:福里哀级数·场论·解析函数和特殊函数·拉普拉斯变换     索取号:O173/2         预约/预借

序号 登录号 条形码 馆藏地/架位号 状态 备注
1 0442793   204427931   密集书库/ [索取号:O173/2] 在馆    
唐山师范学院图书馆 欢迎您!
大连网信软件有限公司© 版权所有